Principios de economía (Registro nro. 3686)

Detalles MARC
000 -LEADER
fixed length control field 02495 a2200289 4500
001 - CONTROL NUMBER
control field 43334
005 - DATE AND TIME OF LATEST TRANSACTION
control field 20260407155717.0
008 - FIXED-LENGTH DATA ELEMENTS--GENERAL INFORMATION
fixed length control field 260407a2007 arg spa d
003 - CONTROL NUMBER IDENTIFIER
control field AR-UNSa-BCEJYS
040 ## - CATALOGING SOURCE
Original cataloging agency AR-UNSa-BCEJYS
Language of cataloging spa
Transcribing agency AR-UNSa-BCEJYS
080 ## - UNIVERSAL DECIMAL CLASSIFICATION NUMBER
Universal Decimal Classification number 330
Common auxiliary subdivision Economía en general
020 ## - INTERNATIONAL STANDARD BOOK NUMBER
International Standard Book Number 978-84-481-5672-5
041 ## - LANGUAGE CODE
Language code of text/sound track or separate title spa
100 1# - MAIN ENTRY--PERSONAL NAME
Personal name Bernanke, Ben S.
245 10 - TITLE STATEMENT
Title Principios de economía
250 ## - EDITION STATEMENT
Edition statement 3a. ed.
264 #1 - PRODUCTION, PUBLICATION, DISTRIBUTION, MANUFACTURE, AND COPYRIGHT NOTICE
Place of production, publication, distribution, manufacture Madrid :
Name of producer, publisher, distributor, manufacturer McGraw-Hill
Date of production, publication, distribution, manufacture, or copyright notice 2007
300 ## - PHYSICAL DESCRIPTION
Extent xlii, 946 p.
Dimensions 27 cm.
505 ## - FORMATTED CONTENTS NOTE
Formatted contents note 1. Pensando como un economista - 2. Ventaja comparativa: base de intercambio - 3. Oferta y demanda: introducción - 4. La elasticidad - 5. La demanda: el lado de los beneficios del mercado - 6. La oferta perfectamente competitiva: El lado del coste del mercado - 7. Eficiencia e intercambio - 8. La búsqueda de beneficios y la mano invisible - 9. El comercio internacional - 10. El monopolio y otros tipos de competencia imperfecta - 11. La elección estratégica en el oligopolio, la competencia monopolística y la vida diaria - 12. Externalidades y derechos de propiedad - 13. La economía de la información - 14. Los mercados de trabajo, pobreza y la distribución de la renta - 15. El medio ambiente, la sanidad y la seguridad - 16. Los bienes públicos y la política tributaria - 17. Macroeconomía: Visión panorámica de la economía - 18. Medición de la actividad económica: El PIB y el desempleo - 19. Medición de nivel de precios y de la inflación - 20. El crecimiento económico, la productividad y los niveles de vida - 21. Los trabajadores, los salarios y el desempleo en la economía moderna - 22. El ahorro y la formación de capital - 23. El dinero, los precios y la reserva federal - 24. Los mercados financieros y los movimientos internacionales de capitales - 25. Las fluctuaciones económicas a corto plazo: introducción - 26. El gasto y la producción a corto plazo - 27. La estabilización de la economía: El papel del banco central - 28. La inflación, la oferta agregada y la demanda agregada - 29. La práctica y las dificultades de la política macroeconómica - 30. Los tipos de cambio y la economía abiera
590 ## - LOCAL NOTE (RLIN)
Local note niveau_biblio:m niveau_hierar:0
700 1# - ADDED ENTRY--PERSONAL NAME
Personal name Frank, Robert H.
700 1# - ADDED ENTRY--PERSONAL NAME
Personal name Rabasco, María Esther
700 1# - ADDED ENTRY--PERSONAL NAME
Personal name Kaufman, Roger T.
700 1# - ADDED ENTRY--PERSONAL NAME
Personal name Carreón Rodríguez, Víctor G.
856 41 - ELECTRONIC LOCATION AND ACCESS
Uniform Resource Identifier <a href="https://biblioeco.unsa.edu.ar/pmb/images/libros/L126648.jpg">https://biblioeco.unsa.edu.ar/pmb/images/libros/L126648.jpg</a>
Link text Imagen de portada
Electronic format type image/jpeg
942 ## - ADDED ENTRY ELEMENTS (KOHA)
Koha item type
Existencias
Withdrawn status Lost status Damaged status Not for loan Home library Current library Shelving location Date acquired Total checkouts Full call number Barcode Date last seen Price effective from Koha item type
        Biblioteca Prof. Eusebio Cleto del Rey Biblioteca Prof. Eusebio Cleto del Rey   07/04/2026   330 B518 3ed. L126648 07/04/2026 07/04/2026 Libro